00494nam a2200193 a 4500001001300000003000900013005001700022008004100039020001000080082001600090100001900106245004100125260003300166300000800199500003500207505001700242650002200259700001900281nice12345678IN_TiNIC20260116015118.0050524s1993 swia grp 000 0 eng  ac10000a269.2bCHA1 aChapman, Colin aResponding to the Challenge of Islam aSwindonbBible Societyc1993 a95p aincludes index and biblioraphy2 aBibliography aEvangelistic Work1 aChapman, Colin